[Event "Peregrina op 20th"]
[Site "Pontevedra"]
[Date "2004.08.17"]
[Round "7"]
[White "Cheparinov, Ivan"]
[Black "Kovacevic, Slobodan"]
[Result "1-0"]
[WhiteElo "2567"]
[BlackElo "2387"]
[Annotator "Kapengut"]
[PlyCount "79"]
[EventDate "2004.08.13"]
[EventType "swiss"]
[EventRounds "9"]
[EventCountry "ESP"]
[SourceTitle "CBM 101 Extra"]
[Source "ChessBase"]
[SourceDate "2004.09.01"]
[SourceVersion "2"]
[SourceVersionDate "2004.09.01"]
[SourceQuality "1"]

1. d4 Nf6 2. c4 e6 3. Nf3 c5 4. d5 exd5 5. cxd5 d6 6. Nc3 g6 7. Bf4 a6 8. a4
Bg7 9. h3 O-O 10. e3 Qe7 11. Be2 Nbd7 {In this variation Black tries to hamper
advance of White's e-pawn to e4. However if White succeeds in pushing the pawn
to e5, then position of Q on e7 becomes dangerous and Black would lose a tempo
withdrawing the Q.} 12. O-O Rb8 13. Re1 (13. Nd2 Ne8 (13... Ne5 14. a5 (14. Bg3
Bd7 15. a5 Ne8 16. e4 {1/2-1/2 Mateuta,G-Musat,A/Bucharest ROM 2002}) 14...
Nfd7 15. Bh2 g5 16. e4 Ng6 17. Bg4 Nde5 18. Bxc8 Rbxc8 19. Ra3 Nf4 20. Qb1 Qf6
21. Nd1 $14 {[%csl Rf5][%cal Gd1e3,Ge3f5]} c4 22. Ne3 Rfe8 23. Nf5 Ned3 24.
Bxf4 Nxf4 {Granda Zuniga,J-Galego,L/Las Palmas,1997} 25. Ra4 c3 26. Nc4 $16)
14. Bh2 (14. Nc4 Ne5 15. Nb6 f5 16. Qd2 Nf6 17. a5 Nfd7 18. Nca4 Nf6 19. Nc3
Nfd7 20. Nxc8 Rbxc8 21. Ra4 Nf7 22. Bg3 Nf6 23. f4 Rfe8 24. Bf2 Qd7 25. b3 Re7
26. Bd3 Rce8 $11 27. Bc2 Qc7 $11 {Morovic Fernandez,I-Illescas Cordoba,M/
ESP-chT/1990}) 14... b6 $6 (14... f5 15. Qb3 Nc7 16. Nc4 Ne5 17. Qb6 Rd8 18.
Rfd1 Na8 19. Qa7 Bd7 20. Na5 Bf6 21. Nxb7 $16 {Deshmukh,A-Marin,M/10th
Goodricke Int., Calcutta IND 1999}) 15. e4 Nc7 (15... Bd4 16. Kh1 Nef6 17. Qc2
Re8 18. Rae1 Bb7 19. Nc4 Bxc3 20. bxc3 Qxe4 21. Qxe4 Nxe4 22. Nxd6 Nxd6 23.
Bxd6 $16 {Khalilbeili,S-Savon,V/Yalta 1962}) 16. Nc4 Ne5 17. Nxe5 Bxe5 18. Bxe5
Qxe5 19. f4 Qd4+ 20. Qxd4 cxd4 21. Na2 Re8 $6 (21... f5 $5 22. Rac1 Rf7 23. Bd3
fxe4 24. Bxe4 a5 $5 $132) 22. Bf3 a5 $5 (22... f5 23. exf5 Bxf5 24. Nb4 d3 25.
Rac1 $14) 23. Rfd1 Na6 24. Rxd4 Nc5 25. Re1 b5 26. Nc3 bxa4 27. Nxa4 Nb3 28.
Rdd1 Rb4 29. Nc3 Nc5 $14 {Khalifman,A-Zaitshik,G/Jerusalem Maccabiah-A 1997}) (
13. Bh2 {/\ Nd2, e4, f4} Re8 (13... Ne8 14. Qc2 (14. Re1 Nc7 15. e4 b5 16. axb5
Nxb5 17. Nxb5 axb5 18. Ra7 $36 Bxb2 19. Qb3 Bg7 20. Bxb5 Rb7 21. Rxb7 Bxb7 22.
Bxd7 Qxd7 23. Bxd6 c4 24. Qb6 Re8 $14 {Gurgenidze,B-Gorelov,S/URS-FL49
Volgodonsk 1981}) 14... Nc7 15. Rfd1 Re8 16. a5 b5 17. axb6 Rxb6 18. Nd2 Ne5
19. Kh1 Rb4 $6 (19... Nb5 $142 $132) 20. Nb3 Nb5 21. Na5 Bf5 22. Qd2 Qc7 23.
Rdc1 Nxc3 24. bxc3 Re4 {Gonzalez Garcia,J-Stocek,J/Budapest/1998/} 25. Bxe5 $5
Bxe5 26. Nc6 $16) 14. Nd2 (14. Kh1 $5 {/\ Nd2, e4, f4}) 14... Ne5 15. Kh1 (15.
f4 Nd3 $132 16. Bxd3 Qxe3+) (15. e4 g5 $14) 15... g5 $8 16. f4 gxf4 17. exf4
Ng6 18. Bd3 Bd7 19. a5 $1 $16 Rbd8 20. Nf3 (20. Nc4 Bb5) (20. Qc2 $16 Nh5 21.
g4) 20... Qe3 $5 21. Ng5 (21. f5 Nf4 22. Bc2 Ne2 $13) 21... Nh4 (21... h6 $2
22. Ne6 Bxe6 23. dxe6 $18) 22. Qc2 (22. Nxh7 Nxh7 (22... Nxg2 $2 23. Nxf6+ Bxf6
24. Rf3) 23. Bxh7+ Kxh7 24. Qh5+ Kg8 25. Qxh4 $16 Bf5 26. Qg5 $1 Bg6 27. h4 {
/\ f5}) 22... h6 23. Nf3 Nxf3 24. Rxf3 Qd4 25. f5 {/\ 26.Rf4+-} Re3 $5 (25...
Nxd5 $2 26. Nxd5 Qxd5 27. f6 $18) (25... Bc8 26. Ra4 Re1+ 27. Bf1 $16) (25...
c4 26. Bf1 $16 Qc5 27. Bg1 $16) 26. Bg1 Qxd3 27. Qxd3 Rxd3 28. Rxd3 Bxf5 29.
Re3 $16 {Sokolov,I-Kamsky,G/Amsterdam 1996} (29. Rf3 Ne4)) 13... Ne8 (13... h6
14. e4 Nh7 15. Nd2 Ne5 16. Bh2 g5 17. Bf1 Re8 $132 {/\ Nf8-g6} 18. Nc4 Nxc4 19.
Bxc4 Be5 20. Qd2 Qf6 21. Bxe5 Rxe5 22. Rab1 Nf8 23. b4 Nd7 24. Be2 $14 {
San Segundo,P-Foisor,O/Zaragoza op1996}) 14. e4 {Apparently White likes the
resulting well-known position even without one tempo. The strategy of this
position changes insignificantly from this loss.} (14. Bf1 Ne5 15. Nxe5 Bxe5
16. Bxe5 Qxe5 17. Qd2 f5 18. f4 Qf6 19. g3 g5 20. Bc4 Bd7 21. a5 Kh8 22. Kh2
gxf4 23. exf4 Nc7 24. Re3 b5 25. axb6 Rxb6 26. Rae1 Qd4 $132 {Dudognon,
M-Gochev,M/Paris op-1 1989}) (14. Nd2 Ne5 15. Bg3 (15. Bh2 f5 16. f4 Nf7 17.
Bd3 Nf6 18. Kh1 Qd8 19. Qc2 b5 $5 20. axb5 axb5 21. Bxb5 Nxd5 $1 22. Nxd5 Rxb5
23. Nc4 Be6 24. e4 Qd7 25. Qd2 fxe4 26. Rxe4 Bxd5 27. Qxd5 Qb7 $15 {Tallaksen,
G-Trygstad,K/Gausdal 2002}) 15... Nc7 16. f4 Nd7 17. e4 b5 18. Qc2 c4 (18...
bxa4 {/\Nb5} 19. e5 $1 dxe5 20. Nc4 $1 $36) 19. Bf1 Bb7 20. Rad1 Nc5 21. axb5
axb5 22. b4 cxb3 23. Nxb3 {Rat,D-Cooke,E/Budapest HUN 2000} Bxc3 24. Qxc3 Nxe4
$17) 14... Nc7 $6 {Black now and even later avoids Ne5 and lands in a passive
position.} ({More logical and consistent was} 14... Ne5 15. Nxe5 (15. Nd2 g5
$15 {It is interesting that this position with White's extra move Be3 (e2-e4
instead of e2-e3-e4) had occurred in the game Alterman,V-Kapengut,A /
Gelendzhik 1975}) 15... Bxe5 (15... dxe5 16. Be3 b6 17. a5 b5 (17... bxa5 18.
Na4 $18) 18. d6 $18) 16. Bh6 (16. Bxe5 Qxe5 17. Qd2 Nf6 (17... f5 $132) 18. Bf1
g5 19. Ra3 $5 $14 Kh8 20. Rb3 b6 (20... Bd7 21. a5 $16) 21. f3 Rg8 22. Nd1 Bd7
23. Ra3 (23. Bxa6 $2 Bxa4 24. Ra3 Bxd1 25. Rxd1 b5 26. Rb3 c4 $1 27. Rxb5 Rxb5
28. Bxb5 Rb8 29. Bxc4 Rxb2 30. Qe3 Nh5 $44) 23... b5 24. axb5 axb5 25. Nf2 c4
26. Ra6 Rgc8 27. Qb4 Rc5 28. Rea1 Kg7 29. Qc3 Qf4 {Barlov,D-Hulak,K/
Jugoslavija 1987} (29... Qxc3 30. bxc3 Ne8 31. Ra7 $16) 30. b4 cxb3 31. Qd4 $1
Rxd5 32. Qa7 b2 33. Rb1 Qc1 34. Rxb2 Qxb2 35. exd5 Rc8 36. Rxd6 Rc1 37. Nd3 {
+- Barlov,D} Qa1 $1 $132) 16... Ng7 17. f4 Bd4+ 18. Kh2 Bd7 ({Black has to
realize he can be in a difficult situation and from now on needs to defend
actively:} 18... Bf2 $5 19. Rf1 Qh4 20. Qd3 f6 (20... b5 $140 $4 21. Bg5 c4 22.
Qf3 $18) 21. f5 gxf5 22. Bxg7 (22. Qf3 Qxh6 23. Rxf2 fxe4 $132) 22... Kxg7 23.
exf5 Re8 24. g3 Qd4 25. Qf3 Be3 $15) 19. Qd2 Rfe8 $5 ({Black can't get the
freeing move:} 19... b5 20. axb5 Bxb5 21. Bxb5 axb5 22. Ra5 Qd7 23. Ne2 (23.
Rea1 Rfe8 24. Qd3 b4 25. Ra7 Qd8 26. Bg5 Bf6 $132) 23... Bf6 24. Ng1 $5 (24.
Rea1 Rfe8 25. Ra7 Rb7 $11) 24... Rfe8 25. Nf3 Ra8 26. Rxa8 Rxa8 27. e5 $1 Nf5
$5 28. exf6 Nxh6 29. f5 $1 Nxf5 30. g4 $16) (19... Rbe8 20. Bd3 Bc8 (20... Qd8
21. Ne2 Bf2 (21... Be3 $2 22. Qxe3 Nf5 23. Bg5 $1 Nxe3 24. Bxd8 Rxd8 25. Nc3 c4
26. Bb1 $18) 22. Rf1 Bh4 {/\f5} (22... Be3 $2 23. Qc3 f6 24. Rf3 $18) 23. g3 (
23. b4 c4 $132) (23. f5 Bf6 $132) 23... Bf6 24. g4 (24. Ng1 $6 c4 $1 $15) 24...
c4 $5 25. Bxc4 Rxe4 26. Bd3 Rxa4 27. Rxa4 Bxa4 28. g5 Be7 29. f5 $1 $36) 21.
Ne2 Bf2 22. Rf1 Bh4 23. g3 Qd7 {Borovikov,V-Suba,M/Chalkidiki 2002} {The
simplest way to limit Black pieces' movements, especially Ng7, is} 24. g4 $5 c4
25. Bxc4 Rxe4 26. Bd3 Re7 27. f5 $1 Bf6 28. Ng3 $16) 20. Bf3 Qd8 21. Bg5 Qa5
22. Qc2 f5 23. g4 Qb4 24. Re2 b5 25. axb5 Bxb5 $13 {Greenfeld,A-Psakhis,L/
ISR-chT/1997}) 15. Bf1 $1 ({To well-known position of the system A70 leads} 15.
Bd3 Ne5 16. Nxe5 Bxe5 17. Bxe5 Qxe5 18. Qd2 g5 19. Nd1 b5 20. Ne3 c4 21. Bc2
Bd7 22. axb5 axb5 23. Ra7 Rfc8 24. Qa5 Ra8 25. Rxa8 Nxa8 $132 {Bertram,
F-Priempke,W/corr 1987}) 15... Ne5 (15... b5 $2 16. e5 $1 $18) (15... Rd8 16.
Qd2 b6 (16... b5 17. axb5 Nxb5 (17... axb5 $6 18. Ra7 $16) 18. Nxb5 axb5 19.
Ra7 $36) 17. Rab1 (17. Rad1 $1 $36 {[%cal Re4e5] /\e5}) 17... Bb7 18. b4 Ba8
19. Rb3 (19. b5 $142 a5 20. Rbd1 $14 {[+]|^}) 19... Qf8 $1 20. Reb1 Rbc8 {
Black has at least prevented any immediate breaks.} 21. bxc5 $2 {Lets out
Black's pieces and gives him the advantage and an |^.} (21. b5 $142 $11 {
/+/= although now it is not ideal as White's R on the b-file are silly.}) 21...
Nxc5 $1 (21... bxc5 $2 22. Bc4 $16) 22. Rb4 (22. Rxb6 $2 Bxc3 23. Qxc3 Nxe4 $1
$19 {[%cal Rc7d5] /\Nd5 wins material.}) 22... Re8 $36 23. Re1 a5 (23... f5 24.
exf5 (24. e5 dxe5 25. Bxe5 Nd7 $17) 24... Rxe1 (24... Bxc3 25. Qxc3 Nxd5 26.
Bc4 Qxf5 27. Bh6 $44) (24... Qxf5 25. Nd4 $13) 25. Qxe1 gxf5 $5 $15 (25... Bxc3
26. Qxc3 Nxd5 27. Bc4 $13)) 24. Rc4 $8 (24. Rbb1 Bxc3 25. Qxc3 Rxe4 $17) 24...
Bb7 $1 {[%cal Rb7a6] /\Ba6} 25. e5 dxe5 $2 (25... Ba6 $142 26. exd6 (26. Rxc5
bxc5 27. Bxa6 Nxa6 28. exd6 Rxe1+ 29. Qxe1 Nb4 $17) 26... Bxc4 27. Bxc4 (27.
dxc7 $5 Bxc3 28. Qxc3 Bxd5 $17) 27... Rxe1+ 28. Qxe1 Bxc3 29. Qxc3 Ne8 $17 {
Stohl,I}) 26. Bxe5 Red8 27. Bxg7 Qxg7 28. d6 $8 Qf6 {Wely,L-Ivanchuk,V/Wijk
aan Zee 2001} 29. Rxc5 $5 bxc5 30. Qb2 $1 Bxf3 (30... Nd5 31. Qxb7 Nxc3 32. d7
Rb8 33. Qxb8 $18) (30... Ne6 31. Qxb7 Qxc3 32. Ne5 $1 $36) 31. dxc7 Rxc7 32.
gxf3 Qg5+ 33. Bg2 Qd2 34. Qa1 $1 $14) 16. Nxe5 ({In the game Gelfand ,
B-Illescas Cordoba,M had occurred position after} 16. Nh2 b6 17. Qd2 {with the
extra move for White} Z0 18. Bg5 f6 19. Bh4 g5 (19... Qf7 $2 20. f4 Nd7 (20...
Bh6 21. Bg3) 21. Nf3 $16 Rb7 (21... b5 22. axb5 Nxb5 23. Nxb5 axb5 24. Ra7 {
 e5}) 22. Bg3 (22. Rab1 $5 Re8 (22... b5 23. axb5 Nxb5 24. Bxb5 axb5 25. b4
$16) 23. b4 (23. Bg3 $5) 23... cxb4 $5 24. Rxb4 Nc5 $16) 22... Re8 23. e5 $1 (
23. Rab1 $5 { b4>>}) 23... fxe5 24. fxe5 Nxe5 25. Bxe5 Bxe5 26. Nxe5 dxe5 (
26... Rxe5 27. Rxe5 dxe5 28. d6 Ne6 29. Bxa6 Rb8 30. Bc4 $5 $16) 27. Ne4 $1 (
27. d6 $16) 27... Rd8 $8 28. Qg5 $1 Rf8 $8 29. Qxe5 Ne8 30. d6 $16 {Gelfand ,
B-Illescas Cordoba,M/Amsterdam II 1989}) 20. Bg3 Qf7 (20... Bd7 21. Be2 {
 []g4>>}) (20... b5 21. axb5 axb5 22. Ra7 $14) 21. Ng4 $5 Bxg4 22. hxg4 h5 $1
23. gxh5 Qxh5 24. Be2 $14 {Gelfand,B}) 16... Bxe5 17. Bxe5 Qxe5 18. Qd2 g5 19.
g3 (19. Ne2 b5 (19... Qxe4 $140 $6 20. Qxg5+ Qg6 21. Qh4 $16) 20. b4 $5 (20.
axb5 $6 Nxb5 $5) 20... g4 21. hxg4 Bxg4 22. Ng3 c4 23. Be2 Bxe2 24. Qxe2 f5 $5
25. axb5 axb5 26. Ra7 f4 27. Qg4+ Kh8 $13) ({In the game Najer,E-Georgiou,K
had occurred the position after} 19. Rad1 Re8 20. a5 Kg7 {with Black extra move
} 21. Z0 Bd7 22. b4 $1 b6 (22... cxb4 $142 $5 23. Na2 b3 24. Nc1 g4 $132) 23.
axb6 Rxb6 24. bxc5 dxc5 25. Rc1 Reb8 26. Nd1 g4 27. hxg4 Bxg4 28. Ne3 Rg6 29.
Rxc5 $18 {Najer,E-Georgiou,K/Korinthos GRE 2001}) 19... Kh8 $5 (19... g4 20.
hxg4 Bxg4 21. Bg2 {[%csl Re4][%cal Gc3d1,Gd1e3,Ge3f5,Gg2e4]} b5 $140 $6 (21...
f5 $2 22. Qg5+ Qg7 23. Qxg7+ Kxg7 24. f3 Bh5 25. exf5 $18) 22. axb5 axb5 23. f4
Qg7 24. e5 $16) 20. f4 gxf4 21. gxf4 Rg8+ 22. Kh2 Qh5 (22... Qg7 $5 23. Qf2 b5
24. axb5 axb5 25. e5 (25. Bg2 Bb7 26. Ra7 b4 27. Nd1 Nb5 28. Ra5 Nd4 $132)
25... b4 26. Ne4 dxe5 27. Nxc5 exf4 28. Red1 Rb6 $36) 23. Qf2 Rg6 (23... Qh6 $5
24. e5 Bf5 25. Re3 b5 26. axb5 axb5 27. Bg2 Rg4 28. Rg3 Rxg3 29. Qxg3 Rg8 30.
Qe3 b4 $132) 24. Re3 Bd7 25. Rae1 Rbg8 26. e5 $5 $14 Bf5 (26... b5 $5 27. b3
Qh6 28. Rf3 Bg4 29. Rg3 Bf5 30. Rxg6 Qxg6 (30... Rxg6 $6 31. exd6 Rxd6 32. Re5
Bg6 33. axb5 f6 34. b6 $1 Rxb6 35. Re7 $18) 31. axb5 axb5 32. exd6 Ne8 33. Bxb5
Nxd6 34. Rg1 Qxg1+ 35. Qxg1 Rxg1 36. Kxg1 Bxh3 $14) 27. exd6 Rxd6 28. Re5 b6 (
28... f6 29. Ne4 $1 Rb6 30. d6 $1 fxe5 31. Nf6 Qf7 32. Nxg8 Rxd6 33. fxe5 Rg6
34. Nf6 $16) 29. Ne4 Rdg6 30. Ng5 Rf6 31. b4 $1 $18 Bd7 (31... Qg6 32. a5 $1)
32. Qb2 Rg7 33. Ne6 $1 Qf3 34. R5e3 Qxd5 35. Nxg7 Qd4 36. Qxd4 cxd4 37. Re7 Rd6
38. Nh5 h6 39. Bd3 Ne6 40. f5 1-0

[Event "EU-Cup 21st"]
[Site "Saint Vincent"]
[Date "2005.09.21"]
[Round "4.1"]
[White "Gelfand, Boris"]
[Black "Cvitan, Ognjen"]
[Result "1-0"]
[WhiteElo "2724"]
[BlackElo "2491"]
[Annotator "Kapengut"]
[PlyCount "43"]
[EventDate "2005.09.18"]
[EventType "team-swiss"]
[EventRounds "7"]
[EventCountry "ITA"]
[SourceTitle "CBM 110"]
[Source "ChessBase"]
[SourceDate "2006.01.31"]
[SourceVersion "1"]
[SourceVersionDate "2006.01.31"]
[SourceQuality "1"]
[WhiteTeam "Warsaw Polonia"]
[BlackTeam "Biel"]
[WhiteTeamCountry "POL"]
[BlackTeamCountry "SUI"]

1. d4 Nf6 2. c4 e6 3. Nf3 c5 4. d5 d6 5. Nc3 exd5 6. cxd5 g6 7. Nd2 Nbd7 {
Black doesn't want to permit the strong position of the Nc4 and tries to trade
him.} 8. e4 Bg7 9. Nc4 Nb6 10. Ne3 O-O 11. Bd3 {The first game played this
system was Nimzowitsch,A-Marshall,F/New York/1927 and called after him as
Nimzowitsch pirouette.} Nh5 (11... Re8) (11... a6) (11... Qe7) (11... Bd7) (
11... Nfd7) (11... Ne8) (11... h5) 12. O-O (12. g3 Bh3 (12... Qe8 13. Nb5 $6 (
13. O-O $1 f5 14. exf5 Bxf5 15. Nxf5 gxf5 16. Be2 Nf6 17. Bf4 $16) 13... Qe7
14. O-O a6 15. Nc3 Bd7 $6 (15... Bh3 16. Re1 Nd7 17. a4 Rae8 $132) 16. a4 Rab8
17. f4 Qe8 18. a5 $16 {Gerusel,M-Hallerod,R/Toronto 1957}) 13. f4 (13. Qf3 $6 {
/\g4} Nd7 $1 $132) 13... Nf6 14. g4 c4 $5 15. Bc2 h5 $6 (15... Nxg4 $5 16. Nxg4
Qh4+ 17. Nf2 Bxc3+ 18. bxc3 Bg2 19. Rg1 Qxh2 20. Ke2 f5 $44) 16. g5 Ng4 17. Qf3
Nxe3 18. Bxe3 Qc8 19. f5 Bg4 20. Qf2 Re8 21. h3 $2 (21. f6 $1 $16) 21... Bxf5
$1 22. exf5 Bxc3+ 23. bxc3 Qc5 24. O-O Qxe3 $17 {Narciso Dublan,M -Volokitin,A
/Ohrid MKD 2001}) 12... Nf4 (12... Be5 13. a4 Nf4 14. a5 Nd7 15. Nc4 (15. Bc2
Qh4 16. g3 Qh3 17. gxf4 $2 Bxf4 18. Ng4 Ne5 $1 19. Nf6+ Kg7 $18) 15... Nxd3 16.
Qxd3 f5 (16... Bd4 $1 17. Bf4 (17. Nxd6 $2 Ne5 $1) (17. Be3 Ne5) 17... Ne5 18.
Bxe5 dxe5 19. Nb5) (16... Bg7 $2 17. Bf4 Ne5 18. Nxe5 dxe5 19. Be3) 17. exf5
Rxf5 18. f4 $1 (18. Ne4) 18... Bd4+ (18... Bxc3 $2 19. bxc3 $1 Nf6 20. Ne3 Rh5
(20... c4) 21. c4 {/\ Bb2+-}) 19. Be3 Bxc3 (19... Bxe3+ 20. Nxe3) 20. Qxc3 (20.
bxc3 Nf6 $17) 20... Nf6 (20... Rxd5 21. Qb3 Kg7 (21... Nf6 22. f5) 22. Bd2 {
/\ Bc3+}) 21. Qb3 $1 Rxd5 $2 (21... Qc7 22. Rae1 Bd7 23. Bd2 Re8 24. Rxe8+ Bxe8
25. Bc3 Ne4 26. Re1) (21... Nxd5 22. Rae1 $3 {/\ Bd2,} Be6 23. Bxc5 $1) (21...
Ng4 22. Bd2) 22. f5 $1 $40 {Nimzovitch,A-Marshall,F/New York/1927}) (12... Qh4
13. g3 Qe7 14. Re1 Bd7 15. Nf5 $5 $14 Bxf5 16. exf5 Be5 17. Bf4 c4 18. Bc2 Rfe8
19. Qf3 a6 20. Bxe5 dxe5 21. d6 (21. Rad1 $16) 21... Qxd6 22. Qxb7 Nf6 23. Rad1
Qc5 24. Qf3 Qe7 25. Qc6 (25. g4 $1 $16) 25... Rab8 26. Qd6 $6 Qxd6 27. Rxd6 Kg7
$132 {Toth,B-Lobron,E/Biel 1982}) (12... a6 13. a4 Bd7 14. g3 Rb8 15. Ra3 Re8
16. Re1 {1/2-1/2 Speer,A-Rohde,K/Helmern 1989}) 13. Bc2 $1 $146 ({In my first
book about the Modern Benoni I analysed only} 13. a4 Nxd3 14. Qxd3 Re8 15. a5
Nd7 16. f4 Bd4 17. Kh1 Nf6 $132) 13... f5 $6 (13... g5 $6 14. Ne2 $5 Nxe2+ 15.
Qxe2 Bd7 16. a4 $16) (13... Qg5 14. g3 Nh3+ 15. Kg2 Nf4+ 16. Kh1 Nh5 17. f4 $1
(17. Nf5 $5 Qf6 18. Nxg7 Nxg7 19. f4 Bh3 20. Rf2 Rae8 21. Qf3 h5 $5 22. a4 Nf5
$5 $14) 17... Qe7 18. g4 Nf6 19. g5 Nh5 20. a4 $16) (13... a6 14. Qf3 Qf6 $5 (
14... Qh4 15. Nf5 $5 Ne2+ 16. Nxe2 gxf5 17. Ng3 fxe4 18. Qb3 $1 (18. Nxe4 Nxd5
$14) 18... Nd7 19. Nxe4 Be5 20. f4 Bd4+ 21. Be3 $16) 15. Ng4 Bxg4 16. Qxg4 Nh5
17. a4 Nc4 18. Qe2 Na5 19. f4 Qh4 20. g4 (20. g3 Qh3 21. e5 $5 dxe5 22. f5 e4
$1 $132) 20... Bd4+ 21. Kg2 Ng7 22. Bd2 f5 $5 $14) (13... Qf6 $5 14. g3 Nh5 15.
f4 Bh3 16. Rf2 Bd7 (16... a6 $2 17. Qf3 $18) 17. Qf3 Qe7 18. g4 Nf6 19. Bd2 h6
20. Re1 Nh7 21. Ree2 Rae8 22. Bd3 Bd4 $132) 14. exf5 (14. Nxf5 $6 Nh3+ $1 15.
gxh3 gxf5 16. Qh5 Qf6 17. Kh1 Qf7 $14) 14... gxf5 15. a4 $1 Bd7 $6 (15... Ng6
$5 16. a5 f4 17. axb6 fxe3 18. Bxe3 (18. Rxa7 exf2+ 19. Rxf2 Rxf2 20. Rxa8 Rf8
21. Qe2 Bd4+ 22. Kh1 Kg7 23. Be4 Ne5 $132) 18... Qxb6 19. Qb1 Bxc3 (19... Bd7
20. Ra3 Be8 21. Kh1 Qc7 22. f4 Qe7 $14) 20. bxc3 Qxb1 21. Rfxb1 Bf5 22. Bxf5
Rxf5 23. c4 (23. Rxb7 Rxd5 $132) 23... Ne5 24. Ra4 b6 $14) 16. a5 Nc8 17. Qf3
Ng6 18. Nxf5 Nh4 $2 (18... Nce7 19. Nxe7+ Qxe7 20. Qh5 Rae8 21. Bxg6 hxg6 22.
Qxg6 Rf6 23. Qg3 Qf7 24. Bg5 Rg6 25. Rfe1 $16) 19. Nh6+ $1 Bxh6 20. Qh5 Bf5 21.
Bxf5 Nxf5 (21... Rxf5 22. Qxh6 Ng6 23. f4 $18) 22. Bxh6 1-0